Music Quiz

Random Music or Song Quiz

Top 25 Rappers in My Opinion Quiz Stats

 Plays Quiz not verified by Sporcle

Challenge
Share
Tweet
Embed
Score 0/25 Timer 12:00
0 Plays Today
Song Rapper % Correct
Lose YourselfEminem
90.7%
In Da Club50 Cent
77.8%
Drop It Like It's HotSnoop Dogg
72.2%
It Was a Good DayIce Cube
66.7%
The MottoDrake
55.6%
Gangster's ParadiseCoolio
46.3%
Rack CityTyga
44.4%
MegamanLil Wayne
42.6%
Keep They Head's Ringin'Dr. Dre
35.2%
I'm a KingT.I.
31.5%
Break Ya NeckBusta Rhymes
31.5%
Heart of a ChampionNelly
22.2%
How Low Can You Go?Ludacris
20.4%
Song Rapper % Correct
O.P.P.Naughty By Nature
16.7%
Holidae InnChingy
16.7%
Get BuckYoung Buck
14.8%
Throw it UpLil John
9.3%
Down Ass BitchJa Rule
9.3%
Queen B@$&HLil Kim
7.4%
Party for Your Right to FightPublic Enemy
5.6%
Jack of SpadesKRS-One
3.7%
In My BusinessGucci Mane
3.7%
KarmaLloyd Banks
3.7%
I'm a PlayaTech N9ne
3.7%
Pistol Poppin'Cashis
1.9%

You're not logged in!

Compare scores with friends on all Sporcle quizzes.
Join for Free
OR
Log In

You Might Also Like...

Show Comments

Extras

Created Jun 20, 2012ReportNominate
Tags:Song Quiz, opinion, rapper, Top 25

Top Quizzes Today


Score Distribution

Your Account Isn't Verified!

In order to create a playlist on Sporcle, you need to verify the email address you used during registration. Go to your Sporcle Settings to finish the process.

Report this User

Report this user for behavior that violates our Community Guidelines.

Details: